000 01504nam0a2200361 4500
001 RU\NLR\bibl\233147
005 20250619111632.0
010 _a5-201-14905-7
_9100
021 _aRU
_b2001-54750
_92659
035 _a(NLR Aleph) 000229086
090 _a1333003
_c1333003
100 _a20020215d2001 |||y0rusy50 ca
101 0 _arus
102 _aRU
105 _aab |||||||||
200 1 _aГеодинамика грязевулканической деятельности и нефтегазоносность земных недр
_fГ. Н. Камбарова, Н. Ш. Камбаров, А. В. Каракин
_gРос. акад. наук, Объед. ин-т физики Земли им. О. Ю. Шмидта
210 _aМ.
_cОИФЗ
_d2001
215 _a54 с.
_cил., карт.
_d30
320 _aБиблиогр.: с. 51-53
606 0 _aГрязевые вулканы
_xНефтегазоносность
_9933933
_3RU\NLR\auth\66344350
675 _a551.21+553.98.044
_v3
_zrus
686 _a38.45
_2rugasnti
686 _a26.325
_2rubbk
686 _aД454.1-230.2
700 1 _aКамбарова
_bГ. Н.
_gГульмира Нигматовна
_4070
701 1 _aКамбаров
_bН. Ш.
_gНигмат Шенебекович
_4070
701 1 _aКаракин
_bА. В.
_gАндрей Владимирович
_4070
801 0 _aRU
_bRKP
_c20020215
_gPSBO
801 1 _aRU
_bRKP
_c20020215
801 2 _aRU
_bNLR
_c20020401
_grcr
942 _cBOOK
980 _aNB